000 00726nam a2200217 a 4500
999 _c11434
_d11434
001 11434
003 BD-JhCC
005 20200202134008.0
008 190916s20022019bg a|||| ||a| 000 0 ben d
035 _a(BD-JhCC)11434
040 _aBD-JhCC
_dBD-JhCC
041 _aben
082 _a330
_bNAT 2019
100 _aনাথ, রণজিত কুমার
245 _aঅর্থনীতি দ্বিতীয় পত্র একাদশ-দ্বাদশ শ্রেণী /
_cরণজিত কুমার নাথ
260 _aঢাকা :
_bহাসান বুক হাউস,
_c২০১৯.
300 _averise p. :
_c23 cm.
650 _aEconomics
942 _2ddc
_cBK
_04